[Event "Nordic Youth CC 2020 - U11"]
[Site "Fredericia"]
[Date "2020.02.14"]
[Round "1.25"]
[White "Valpas, Jami"]
[Black "Brattgjerd, Isak Vinh"]
[Result "1/2-1/2"]
[WhiteElo "1306"]
[BlackElo "1780"]
[PlyCount "91"]
[EventDate "2020.02.??"]
[EventType "swiss"]
[EventRounds "6"]
[EventCountry "DEN"]

1. e4 c5 2. Nf3 d6 3. d4 cxd4 4. Nxd4 Nf6 5. Nc3 g6 6. f4 Nc6 7. Nf3 Bg7 8. Bd3
Be6 9. O-O Rc8 10. Qe1 a6 11. Ng5 Bd7 12. e5 Nh5 13. exd6 Bxc3 14. bxc3 O-O 15.
dxe7 Qxe7 16. Qxe7 Nxe7 17. Ba3 Rfe8 18. Ne4 Rc7 19. Nd6 Rb8 20. Nxb7 Rbxb7 21.
Bxe7 Rxc3 22. Bxa6 Rb2 23. Bd3 Bc6 24. g4 Rxd3 25. gxh5 Rxc2 26. Rf2 Rc4 27.
hxg6 fxg6 28. Bf6 Kf7 29. Be5 Ke6 30. Bb2 Kf5 31. Raf1 Be4 32. Rc1 Ra4 33. a3
Bf3 34. Rc3 Rxc3 35. Bxc3 Kxf4 36. Bb4 Ra6 37. Ra2 Bd5 38. Rd2 Be4 39. Ra2 h5
40. a4 g5 41. a5 g4 42. Bc5 g3 43. Bb6 gxh2+ 44. Kxh2 h4 45. Rd2 Ra8 46. Rd8
1/2-1/2

[Event "Nordic Youth CC 2020 - U11"]
[Site "Fredericia"]
[Date "2020.02.14"]
[Round "1.26"]
[White "Medhus, Vitus Bondo"]
[Black "Penki, Tunav Chand"]
[Result "1-0"]
[WhiteElo "1779"]
[BlackElo "1233"]
[PlyCount "27"]
[EventDate "2020.02.??"]
[EventType "swiss"]
[EventRounds "6"]
[EventCountry "DEN"]

1. e4 e5 2. Nf3 Nc6 3. d4 exd4 4. Bc4 Bb4+ 5. c3 dxc3 6. O-O Nf6 7. a3 cxb2 8.
Bxb2 Bc5 9. Ng5 O-O 10. e5 d5 11. exf6 dxc4 12. Qh5 Bf5 13. fxg7 Re8 14. Qxf7#
1-0

[Event "Nordic Youth CC 2020 - U11"]
[Site "Fredericia"]
[Date "2020.02.14"]
[Round "1.27"]
[White "Briem, Gudrun Fanney"]
[Black "Khoo Thwe, Louis"]
[Result "0-1"]
[WhiteElo "1209"]
[BlackElo "1753"]
[PlyCount "88"]
[EventDate "2020.02.??"]
[EventType "swiss"]
[EventRounds "6"]
[EventCountry "DEN"]

1. d4 Nf6 2. Bf4 e6 3. e3 d5 4. Nf3 Be7 5. Bd3 O-O 6. Nbd2 c5 7. c3 Nc6 8. Qe2
a5 9. a4 Qb6 10. Rb1 Bd7 11. Bb5 Nd8 12. O-O Bxb5 13. Qxb5 Qxb5 14. axb5 Ne4
15. Nxe4 dxe4 16. Nd2 f5 17. b3 Nf7 18. Ra1 g5 19. Bc7 cxd4 20. exd4 a4 21.
bxa4 Rfc8 22. b6 Bd6 23. Bxd6 Nxd6 24. Rfc1 Ra6 25. a5 Nb5 26. h3 Rxc3 27. Rxc3
Nxc3 28. Kf1 Kf7 29. f3 exf3 30. gxf3 Nb5 31. Nb3 Ra8 32. Rc1 Kg6 33. Rc4 h5
34. Rc5 Nd6 35. Rc7 g4 36. fxg4 fxg4 37. hxg4 hxg4 38. Kg2 Rf8 39. Nc5 Nc4 40.
Rxb7 Ne3+ 41. Kg1 Rf1+ 42. Kh2 Rf2+ 43. Kg1 g3 44. Ne4 Rf1# 0-1

[Event "Nordic Youth CC 2020 - U11"]
[Site "Fredericia"]
[Date "2020.02.14"]
[Round "1.28"]
[White "Jaakkola, Niklas"]
[Black "Samuelsen, Brestir"]
[Result "1-0"]
[WhiteElo "1678"]
[BlackElo "1191"]
[PlyCount "35"]
[EventDate "2020.02.??"]
[EventType "swiss"]
[EventRounds "6"]
[EventCountry "DEN"]

1. e4 e5 2. Nf3 Nc6 3. Bb5 a6 4. Ba4 Bc5 5. O-O Nf6 6. Re1 O-O 7. c3 d6 8. h3
Be6 9. d4 exd4 10. cxd4 Bb4 11. Nc3 Bd7 12. a3 Ba5 13. b4 Bb6 14. Bg5 h6 15.
Bxf6 Qxf6 16. Nd5 Qg6 17. Bxc6 bxc6 18. Ne7+ 1-0

[Event "Nordic Youth CC 2020 - U11"]
[Site "Fredericia"]
[Date "2020.02.14"]
[Round "1.29"]
[White "Brynjarsson, Einar Dagur"]
[Black "Sakic, Matija"]
[Result "0-1"]
[WhiteElo "1121"]
[BlackElo "1444"]
[PlyCount "102"]
[EventDate "2020.02.??"]
[EventType "swiss"]
[EventRounds "6"]
[EventCountry "DEN"]

1. e4 e6 2. d4 d5 3. exd5 exd5 4. Nc3 c6 5. Bf4 Bd6 6. Bxd6 Qxd6 7. Bd3 Ne7 8.
h3 Bf5 9. Nf3 Bxd3 10. Qxd3 Na6 11. a3 Qg6 12. Qxg6 Nxg6 13. O-O Kd7 14. Rfe1
f6 15. b4 Nc7 16. Ne2 Rhe8 17. Ng3 Nf4 18. Nd2 Nfe6 19. Nb3 g6 20. Nc5+ Nxc5
21. dxc5 Nb5 22. a4 Nd4 23. c3 Nc2 24. Rxe8 Rxe8 25. Rc1 Na3 26. Ra1 Nc4 27. b5
Na5 28. Rb1 Kc8 29. h4 f5 30. Rb4 Re1+ 31. Kh2 Rc1 32. h5 Rxc3 33. Kh3 Rxc5 34.
hxg6 hxg6 35. Rh4 cxb5 36. axb5 Rxb5 37. Rh6 Rb6 38. Rh8+ Kd7 39. Rh7+ Ke6 40.
Rh6 Ke5 41. f3 d4 42. Rh7 Rd6 43. Rc7 d3 44. Rc1 d2 45. Rd1 Nc4 46. Nf1 b5 47.
Kg3 a5 48. Kf2 b4 49. Ke2 a4 50. Nxd2 Rxd2+ 51. Rxd2 Nxd2 0-1

[Event "Nordic Youth CC 2020 - U11"]
[Site "Fredericia"]
[Date "2020.02.14"]
[Round "1.30"]
[White "Tran, Sixten"]
[Black "Magnussen, Petur Garsar"]
[Result "1-0"]
[WhiteElo "1377"]
[BlackElo "1000"]
[PlyCount "33"]
[EventDate "2020.02.??"]
[EventType "swiss"]
[EventRounds "6"]
[EventCountry "DEN"]

1. e4 e5 2. d4 exd4 3. c3 Nf6 4. e5 Nd5 5. f4 c6 6. cxd4 Qa5+ 7. Bd2 Qb6 8. Ne2
Qxb2 9. Nbc3 Nxc3 10. Nxc3 Bb4 11. Rb1 Qa3 12. Rb3 Qa5 13. a3 Bxa3 14. Nb5 Bb4
15. Nd6+ Ke7 16. Bxb4 Qb6 17. Nxc8+ 1-0

[Event "Nordic Youth CC 2020 - U11"]
[Site "Fredericia"]
[Date "2020.02.14"]
[Round "2.25"]
[White "Sakic, Matija"]
[Black "Medhus, Vitus Bondo"]
[Result "1/2-1/2"]
[WhiteElo "1444"]
[BlackElo "1779"]
[PlyCount "50"]
[EventDate "2020.02.??"]
[EventType "swiss"]
[EventRounds "6"]
[EventCountry "DEN"]

1. e4 c5 2. Nf3 g6 3. d4 cxd4 4. Nxd4 Bg7 5. Nc3 Nc6 6. Be3 d6 7. Be2 Nf6 8.
Qd2 O-O 9. f3 Bd7 10. O-O-O a6 11. g4 b5 12. Nxc6 Bxc6 13. Bh6 Qa5 14. Bxg7
Kxg7 15. Kb1 b4 16. Nd5 Bxd5 17. exd5 Qa4 18. Qd4 Rac8 19. b3 e5 20. dxe6 Qa5
21. exf7 Rxf7 22. Bc4 d5 23. Bxd5 Qxd5 24. Qxd5 Nxd5 25. Rxd5 Rxf3 1/2-1/2

[Event "Nordic Youth CC 2020 - U11"]
[Site "Fredericia"]
[Date "2020.02.14"]
[Round "2.26"]
[White "Khoo Thwe, Louis"]
[Black "Jaakkola, Niklas"]
[Result "0-1"]
[WhiteElo "1753"]
[BlackElo "1678"]
[PlyCount "96"]
[EventDate "2020.02.??"]
[EventType "swiss"]
[EventRounds "6"]
[EventCountry "DEN"]

1. e4 c5 2. Nf3 Nc6 3. Bb5 g6 4. O-O Bg7 5. c3 Nf6 6. e5 Nd5 7. d4 cxd4 8. cxd4
O-O 9. Nc3 Nxc3 10. bxc3 d6 11. exd6 Qxd6 12. a4 Bf5 13. Re1 Bf6 14. Ba3 Qc7
15. Nd2 a6 16. Bxc6 Qxc6 17. Qf3 Qxf3 18. Nxf3 Rfe8 19. a5 Rac8 20. Bc5 Rxc5
21. dxc5 Bxc3 22. Rac1 Bxe1 23. Nxe1 Rd8 24. f3 Rd5 25. g4 Bd7 26. Rc2 Rd1 27.
Kf2 Ra1 28. Rb2 Bc6 29. Re2 e6 30. Rd2 Rxa5 31. Rd8+ Kg7 32. Nd3 g5 33. Ke3 h6
34. f4 gxf4+ 35. Kxf4 Ra4+ 36. Kg3 Rc4 37. Nf4 Kf6 38. Nh5+ Ke7 39. Rh8 Rxc5
40. Rxh6 b5 41. h4 b4 42. Rh8 b3 43. Rb8 Rb5 44. Rc8 b2 45. Rxc6 b1=Q 46. Rc7+
Kd6 47. Rxf7 Rb3+ 48. Kg2 Qe4+ 0-1

[Event "Nordic Youth CC 2020 - U11"]
[Site "Fredericia"]
[Date "2020.02.14"]
[Round "2.27"]
[White "Brattgjerd, Isak Vinh"]
[Black "Tran, Sixten"]
[Result "1-0"]
[WhiteElo "1780"]
[BlackElo "1377"]
[PlyCount "111"]
[EventDate "2020.02.??"]
[EventType "swiss"]
[EventRounds "6"]
[EventCountry "DEN"]

1. d4 Nf6 2. Nc3 d5 3. Bg5 Bf5 4. Bxf6 gxf6 5. e3 Nc6 6. Bd3 Bg6 7. Qf3 Bxd3 8.
cxd3 Nb4 9. O-O-O e6 10. e4 e5 11. Nxd5 Nxd5 12. exd5 c6 13. dxe5 fxe5 14. Re1
Bg7 15. d4 O-O 16. dxe5 cxd5 17. Kb1 Rc8 18. Qd3 Rc6 19. f4 Qa5 20. Nf3 h6 21.
Nd4 Ra6 22. a3 b5 23. Qxb5 Qxb5 24. Nxb5 Rb8 25. Nc7 Rxa3 26. Nxd5 Rab3 27. Re2
a5 28. Rc1 R3b5 29. Rc8+ Rxc8 30. Ne7+ Kh7 31. Nxc8 Bf8 32. Rd2 Rb4 33. g3 a4
34. Nd6 Kg7 35. Ka2 Rb3 36. Rd4 Rf3 37. Rxa4 Rf2 38. h3 Kg6 39. Rd4 Rh2 40. h4
f6 41. f5+ Kh7 42. Ne4 h5 43. Nxf6+ Kh6 44. g4 hxg4 45. Nxg4+ Kh5 46. Nxh2 Bc5
47. e6 Bxd4 48. e7 Bf2 49. e8=Q+ Kxh4 50. f6 Bc5 51. Qg6 Kh3 52. Nf1 Kh4 53. f7
Bf8 54. Ne3 Kh3 55. Qg4+ Kh2 56. Qg2# 1-0

[Event "Nordic Youth CC 2020 - U11"]
[Site "Fredericia"]
[Date "2020.02.14"]
[Round "2.28"]
[White "Penki, Tunav Chand"]
[Black "Valpas, Jami"]
[Result "0-1"]
[WhiteElo "1233"]
[BlackElo "1306"]
[PlyCount "58"]
[EventDate "2020.02.??"]
[EventType "swiss"]
[EventRounds "6"]
[EventCountry "DEN"]

1. e4 c5 2. Nf3 Nc6 3. d4 cxd4 4. Nxd4 g6 5. Nc3 Bg7 6. Nxc6 bxc6 7. Bd2 d6 8.
Be2 Nf6 9. O-O O-O 10. h3 Rb8 11. Rb1 Re8 12. a3 Bb7 13. b4 e5 14. Be3 a6 15.
a4 d5 16. exd5 cxd5 17. Bc5 d4 18. Na2 Qd5 19. f3 Qxa2 20. Ra1 Qe6 21. Re1 Qd7
22. b5 axb5 23. Bxb5 Bc6 24. Bxc6 Qxc6 25. Ba3 Nd5 26. Qc1 Rec8 27. Re2 Qb6 28.
Kh2 d3 29. Rd2 Bh6 0-1

[Event "Nordic Youth CC 2020 - U11"]
[Site "Fredericia"]
[Date "2020.02.14"]
[Round "2.29"]
[White "Magnussen, Petur Garsar"]
[Black "Briem, Gudrun Fanney"]
[Result "0-1"]
[WhiteElo "1000"]
[BlackElo "1209"]
[PlyCount "64"]
[EventDate "2020.02.??"]
[EventType "swiss"]
[EventRounds "6"]
[EventCountry "DEN"]

1. e4 e5 2. Nf3 Nc6 3. Bc4 g6 4. d3 Nf6 5. Ng5 d5 6. exd5 Nxd5 7. Qf3 Be6 8.
O-O Bg7 9. Nxe6 fxe6 10. Nc3 Nd4 11. Qd1 Qd7 12. Be3 O-O-O 13. Nxd5 exd5 14.
Bg5 Rdf8 15. Bb3 h6 16. Be3 Nc6 17. Bc5 Rf6 18. Ba4 h5 19. Bxa7 b6 20. Re1 Rf5
21. g4 hxg4 22. Qxg4 Qe6 23. Bxb6 cxb6 24. c3 Bf6 25. d4 Rg5 26. Qxg5 Bxg5 27.
Bxc6 Qxc6 28. Rxe5 Bf4 29. Re2 Qd7 30. Rae1 Bxh2+ 31. Kg2 Qg4+ 32. Kh1 Bg1# 0-1

[Event "Nordic Youth CC 2020 - U11"]
[Site "Fredericia"]
[Date "2020.02.14"]
[Round "2.30"]
[White "Samuelsen, Brestir"]
[Black "Brynjarsson, Einar Dagur"]
[Result "0-1"]
[WhiteElo "1191"]
[BlackElo "1121"]
[PlyCount "66"]
[EventDate "2020.02.??"]
[EventType "swiss"]
[EventRounds "6"]
[EventCountry "DEN"]

1. e4 e5 2. Nf3 Nc6 3. Bb5 a6 4. Ba4 b5 5. Bb3 Bc5 6. O-O Nf6 7. Re1 Bb7 8. Bd5
d6 9. c3 h6 10. d4 exd4 11. cxd4 Bb4 12. Nc3 O-O 13. a3 Ba5 14. b4 Bb6 15. Be3
a5 16. Qd3 axb4 17. axb4 Nxb4 18. Qb1 Nfxd5 19. Nxd5 Rxa1 20. Qxb4 Rxe1+ 21.
Nxe1 c6 22. Nc3 Qc7 23. d5 Ba5 24. Qb3 cxd5 25. Nxd5 Bxd5 26. exd5 Bxe1 27.
Qxb5 Qa5 28. Qc6 Qa1 29. h3 Bd2+ 30. Kh2 Bxe3 31. fxe3 Qe5+ 32. Kh1 Rb8 33. Qc1
Ra8 0-1

[Event "Nordic Youth CC 2020 - U11"]
[Site "Fredericia"]
[Date "2020.02.15"]
[Round "3.25"]
[White "Jaakkola, Niklas"]
[Black "Brattgjerd, Isak Vinh"]
[Result "0-1"]
[WhiteElo "1678"]
[BlackElo "1780"]
[PlyCount "156"]
[EventDate "2020.02.??"]
[EventType "swiss"]
[EventRounds "6"]
[EventCountry "DEN"]

1. e4 c5 2. Nf3 d6 3. d4 cxd4 4. Nxd4 Nf6 5. Nc3 g6 6. Be3 Bg7 7. Bc4 a6 8. Bb3
O-O 9. f3 Nbd7 10. Qd2 Qc7 11. O-O-O b5 12. h4 Nc5 13. Bd5 Bb7 14. Bxb7 Qxb7
15. Bg5 b4 16. Nce2 a5 17. Kb1 a4 18. Nc1 b3 19. cxb3 axb3 20. a3 Rfb8 21. Qe3
Ra4 22. Rhe1 Qa8 23. Qc3 Rbb4 24. Qxb4 Rxb4 25. axb4 Na6 26. Ndxb3 Nxb4 27. Re2
h6 28. Be3 Nd7 29. Bd4 Qa6 30. Bxg7 Kxg7 31. Red2 Ne5 32. Rd4 Nec6 33. R4d2 Qc4
34. Re1 Ne5 35. Red1 Kf6 36. Na1 Ke6 37. Rd4 Qb5 38. Nab3 Nec6 39. R4d2 Qc4 40.
Na1 f5 41. Re1 Kf6 42. exf5 gxf5 43. g3 Nd4 44. Re3 e5 45. f4 Nd5 46. Red3 Nb4
47. Re3 Nb5 48. fxe5+ dxe5 49. Nab3 e4 50. Rf2 Nd3 51. Rc2 Qd5 52. Ree2 Nd4 53.
Nxd4 Qxd4 54. Rc6+ Ke5 55. Nxd3+ Qxd3+ 56. Rcc2 Qxg3 57. b4 f4 58. Kb2 f3 59.
Re3 Qxh4 60. b5 f2 61. Rc1 Qf4 62. Rb3 Qd2+ 63. Kb1 Qxc1+ 64. Kxc1 f1=Q+ 65.
Kb2 Qf2+ 66. Kb1 Qb6 67. Kc2 Kf4 68. Kd2 Qd4+ 69. Kc2 e3 70. b6 Qd6 71. b7 Qb8
72. Kd1 Kf3 73. Rb2 h5 74. Ke1 h4 75. Kf1 h3 76. Kg1 h2+ 77. Kh1 Qg3 78. Re2
Qg1# 0-1

[Event "Nordic Youth CC 2020 - U11"]
[Site "Fredericia"]
[Date "2020.02.15"]
[Round "3.26"]
[White "Valpas, Jami"]
[Black "Sakic, Matija"]
[Result "1-0"]
[WhiteElo "1306"]
[BlackElo "1444"]
[PlyCount "53"]
[EventDate "2020.02.??"]
[EventType "swiss"]
[EventRounds "6"]
[EventCountry "DEN"]

1. e4 e6 2. b3 d5 3. Bb2 Ne7 4. exd5 exd5 5. Nf3 Bf5 6. Be2 f6 7. Nh4 Bg6 8.
Bh5 Qd6 9. Qe2 Bxh5 10. Qxh5+ g6 11. Qe2 Nd7 12. Nc3 Bg7 13. O-O-O a6 14. Rde1
Kf7 15. Qd1 Rhe8 16. Re2 Ng8 17. Rhe1 c6 18. Nf5 Qf8 19. Nd4 Rxe2 20. Qxe2 Re8
21. Ne6 Qe7 22. Qf3 f5 23. Nxd5 Bxb2+ 24. Kxb2 cxd5 25. Qxd5 Nb6 26. Ng5+ Kf8
27. Rxe7 1-0

[Event "Nordic Youth CC 2020 - U11"]
[Site "Fredericia"]
[Date "2020.02.15"]
[Round "3.27"]
[White "Medhus, Vitus Bondo"]
[Black "Khoo Thwe, Louis"]
[Result "1/2-1/2"]
[WhiteElo "1779"]
[BlackElo "1753"]
[PlyCount "66"]
[EventDate "2020.02.??"]
[EventType "swiss"]
[EventRounds "6"]
[EventCountry "DEN"]

1. e4 e5 2. Nf3 Nc6 3. Bc4 Bc5 4. c3 Nf6 5. d3 O-O 6. O-O d6 7. Bg5 Be6 8. Bb3
h6 9. Bh4 Bb6 10. Nbd2 Bxb3 11. axb3 g5 12. Bg3 Ne7 13. h4 g4 14. Nh2 h5 15.
Nc4 Qd7 16. Qd2 Kh7 17. Nxb6 axb6 18. Rxa8 Rxa8 19. f4 gxf3 20. Nxf3 Qg4 21.
Ng5+ Kg7 22. Kh2 Rf8 23. Rf3 Ng6 24. Qf2 Qxg5 25. hxg5 Ng4+ 26. Kg1 Nxf2 27.
Kxf2 Ra8 28. Ke3 Ra2 29. Rf2 h4 30. Bh2 Ra1 31. g3 hxg3 32. Bxg3 Rg1 33. Kf3
Rd1 1/2-1/2

[Event "Nordic Youth CC 2020 - U11"]
[Site "Fredericia"]
[Date "2020.02.15"]
[Round "3.28"]
[White "Tran, Sixten"]
[Black "Briem, Gudrun Fanney"]
[Result "1-0"]
[WhiteElo "1377"]
[BlackElo "1209"]
[PlyCount "55"]
[EventDate "2020.02.??"]
[EventType "swiss"]
[EventRounds "6"]
[EventCountry "DEN"]

1. e4 e5 2. d4 exd4 3. c3 dxc3 4. Bc4 cxb2 5. Bxb2 Nc6 6. Nf3 d6 7. O-O Nf6 8.
Ng5 Be6 9. Nxe6 fxe6 10. Bxe6 Qe7 11. Bc4 O-O-O 12. Re1 g6 13. Bd5 Nxd5 14.
exd5 Ne5 15. f4 Bg7 16. fxe5 dxe5 17. Ba3 Qd7 18. Nc3 e4 19. Rc1 Bxc3 20. Rxc3
Rhe8 21. d6 c6 22. Qd4 Kb8 23. Rxe4 Rf8 24. h3 Qf7 25. d7 Qf1+ 26. Kh2 Rf2 27.
Rg3 Rf7 28. Re8 1-0

[Event "Nordic Youth CC 2020 - U11"]
[Site "Fredericia"]
[Date "2020.02.15"]
[Round "3.29"]
[White "Brynjarsson, Einar Dagur"]
[Black "Magnussen, Petur Garsar"]
[Result "0-1"]
[WhiteElo "1121"]
[BlackElo "1000"]
[PlyCount "102"]
[EventDate "2020.02.??"]
[EventType "swiss"]
[EventRounds "6"]
[EventCountry "DEN"]

1. e4 e5 2. Nf3 Nc6 3. Bc4 Bc5 4. Nc3 h6 5. O-O Nf6 6. d3 O-O 7. a3 d6 8. h3
Be6 9. Bxe6 fxe6 10. Be3 Bxe3 11. fxe3 d5 12. exd5 exd5 13. b4 d4 14. exd4 Nxd4
15. Nxe5 Ne6 16. Re1 Qd4+ 17. Kh1 Qxc3 18. Nc4 Nd4 19. Ra2 Nb5 20. Rg1 Qd4 21.
Qf3 b6 22. Qc6 Nc3 23. Raa1 Nfd5 24. Rgf1 Ne2 25. Rxf8+ Rxf8 26. Qe6+ Kh7 27.
Qxe2 Qxa1+ 28. Kh2 Qf6 29. Qe4+ Qf5 30. Ne5 Qxe4 31. dxe4 Nc3 32. Nc6 Nxe4 33.
Nxa7 Rf2 34. c4 Rc2 35. c5 bxc5 36. bxc5 Rxc5 37. g4 Ra5 38. Nc6 Rxa3 39. Kg2
Ng5 40. h4 Ne6 41. h5 g6 42. hxg6+ Kxg6 43. Kh2 Re3 44. Ne7+ Kg5 45. Nf5 Rd3
46. Ne7 c5 47. Nc6 c4 48. Ne5 Kf4 49. Ng6+ Kxg4 50. Kg2 Nf4+ 51. Nxf4 Kxf4 0-1

[Event "Nordic Youth CC 2020 - U11"]
[Site "Fredericia"]
[Date "2020.02.15"]
[Round "3.30"]
[White "Samuelsen, Brestir"]
[Black "Penki, Tunav Chand"]
[Result "1/2-1/2"]
[WhiteElo "1191"]
[BlackElo "1233"]
[PlyCount "65"]
[EventDate "2020.02.??"]
[EventType "swiss"]
[EventRounds "6"]
[EventCountry "DEN"]

1. e4 e5 2. Nf3 Nc6 3. Bb5 a6 4. Ba4 b5 5. Bb3 Bc5 6. O-O Nf6 7. Re1 O-O 8. h3
d6 9. c3 Bb7 10. d3 Na5 11. Bc2 Bb6 12. Bg5 c5 13. b4 cxb4 14. cxb4 Nc6 15. a3
Rc8 16. Bb3 Nd4 17. Nxd4 Bxd4 18. Ra2 Qb6 19. Qf3 Nh5 20. Kf1 Nf4 21. Bxf4 exf4
22. Qxf4 Bc3 23. Rc1 Be5 24. Qd2 Rxc1+ 25. Qxc1 Qd4 26. Qe3 Qxe3 27. fxe3 Rc8
28. Rc2 Rxc2 29. Bxc2 Bc6 30. d4 Bf6 31. d5 Bd7 32. Kf2 Bg5 33. Kf3 1/2-1/2

[Event "Nordic Youth CC 2020 - U11"]
[Site "Fredericia"]
[Date "2020.02.16"]
[Round "4.25"]
[White "Brattgjerd, Isak Vinh"]
[Black "Medhus, Vitus Bondo"]
[Result "0-1"]
[WhiteElo "1780"]
[BlackElo "1779"]
[PlyCount "50"]
[EventDate "2020.02.??"]
[EventType "swiss"]
[EventRounds "6"]
[EventCountry "DEN"]

1. d4 Nf6 2. Nc3 e6 3. Nf3 b6 4. Bg5 Be7 5. e4 h6 6. Bf4 Bb7 7. Bd3 d6 8. Qd2
Nbd7 9. Rd1 g5 10. Bg3 Nh5 11. O-O g4 12. Ne1 Bg5 13. Qe2 Nxg3 14. fxg3 h5 15.
d5 e5 16. Rf5 Qe7 17. Nb5 O-O-O 18. Nxa7+ Kb8 19. Nb5 f6 20. c4 Qh7 21. b4 Rdg8
22. Nc2 h4 23. Kf2 hxg3+ 24. hxg3 Qh2 25. Ne3 Qxg3+ 0-1

[Event "Nordic Youth CC 2020 - U11"]
[Site "Fredericia"]
[Date "2020.02.16"]
[Round "4.26"]
[White "Jaakkola, Niklas"]
[Black "Valpas, Jami"]
[Result "1-0"]
[WhiteElo "1678"]
[BlackElo "1306"]
[PlyCount "25"]
[EventDate "2020.02.??"]
[EventType "swiss"]
[EventRounds "6"]
[EventCountry "DEN"]

1. e4 Nc6 2. Nf3 f5 3. e5 g6 4. Bc4 Bg7 5. d4 e6 6. O-O Bh6 7. Nc3 g5 8. Nxg5
Nce7 9. Qh5+ Ng6 10. d5 exd5 11. Bxd5 Bxg5 12. Bxg5 N8e7 13. Bf6 1-0

[Event "Nordic Youth CC 2020 - U11"]
[Site "Fredericia"]
[Date "2020.02.16"]
[Round "4.27"]
[White "Sakic, Matija"]
[Black "Tran, Sixten"]
[Result "1/2-1/2"]
[WhiteElo "1444"]
[BlackElo "1377"]
[PlyCount "37"]
[EventDate "2020.02.??"]
[EventType "swiss"]
[EventRounds "6"]
[EventCountry "DEN"]

1. e4 c5 2. Nf3 g6 3. d4 cxd4 4. Nxd4 Nc6 5. Nc3 Bg7 6. Be3 Nf6 7. Be2 O-O 8.
Qd2 d5 9. exd5 Nxd5 10. Nxd5 Qxd5 11. Nxc6 Qxc6 12. Bf3 Qc7 13. c3 Bf5 14. Qd5
Rfd8 15. Qc5 Qe5 16. Qxe5 Bxe5 17. O-O Rd7 18. Rfd1 Bd6 19. Rd2 1/2-1/2

[Event "Nordic Youth CC 2020 - U11"]
[Site "Fredericia"]
[Date "2020.02.16"]
[Round "4.28"]
[White "Khoo Thwe, Louis"]
[Black "Brynjarsson, Einar Dagur"]
[Result "1-0"]
[WhiteElo "1753"]
[BlackElo "1121"]
[PlyCount "63"]
[EventDate "2020.02.??"]
[EventType "swiss"]
[EventRounds "6"]
[EventCountry "DEN"]

1. e4 e5 2. Nf3 Nc6 3. Bc4 Bc5 4. O-O Nf6 5. d3 h6 6. c3 O-O 7. a4 a6 8. Nbd2
d5 9. exd5 Nxd5 10. Re1 Re8 11. Qb3 Na5 12. Qc2 Nc6 13. b4 Bd6 14. Bxd5 Bxb4
15. Bxf7+ Kxf7 16. cxb4 Kf8 17. Ba3 Kg8 18. b5 axb5 19. axb5 Nd4 20. Nxd4 exd4
21. Rxe8+ Qxe8 22. Nf3 Qe7 23. Qb2 Qe8 24. Re1 Qd7 25. Qb3+ Kh7 26. h3 c6 27.
Re7 Qf5 28. Bb2 Ra5 29. Bxd4 Qg6 30. Rxg7+ Qxg7 31. Bxg7 Kxg7 32. Qc3+ 1-0

[Event "Nordic Youth CC 2020 - U11"]
[Site "Fredericia"]
[Date "2020.02.16"]
[Round "4.29"]
[White "Briem, Gudrun Fanney"]
[Black "Penki, Tunav Chand"]
[Result "1-0"]
[WhiteElo "1209"]
[BlackElo "1233"]
[PlyCount "58"]
[EventDate "2020.02.??"]
[EventType "swiss"]
[EventRounds "6"]
[EventCountry "DEN"]

1. d4 d5 2. Bf4 Nf6 3. e3 Nc6 4. Nf3 a6 5. c3 e6 6. Bd3 Bd6 7. Bg3 O-O 8. Nbd2
Nh5 9. Qe2 f6 10. Bxd6 cxd6 11. g4 Qe8 12. gxh5 Qxh5 13. O-O-O e5 14. e4 exd4
15. Nxd4 Bg4 16. f3 Nxd4 17. cxd4 Rac8+ 18. Kb1 Be6 19. Rdg1 Qf7 20. b3 a5 21.
Bb5 dxe4 22. fxe4 d5 23. e5 fxe5 24. Qxe5 Bf5+ 25. Ka1 Rc2 26. Nb1 Be4 27. Rf1
Qg6 28. Rhg1 Rxf1 29. Rxf1 Rxh2 1-0

[Event "Nordic Youth CC 2020 - U11"]
[Site "Fredericia"]
[Date "2020.02.16"]
[Round "4.30"]
[White "Magnussen, Petur Garsar"]
[Black "Samuelsen, Brestir"]
[Result "1/2-1/2"]
[WhiteElo "1000"]
[BlackElo "1191"]
[PlyCount "82"]
[EventDate "2020.02.??"]
[EventType "swiss"]
[EventRounds "6"]
[EventCountry "DEN"]

1. e4 e5 2. Nf3 Nc6 3. Bb5 a6 4. Bc4 Be7 5. Nc3 Nf6 6. Ng5 O-O 7. O-O h6 8. Nf3
d6 9. h3 Be6 10. Bxe6 fxe6 11. d3 d5 12. Re1 d4 13. Ne2 Qd6 14. b3 Nh5 15. Bb2
Nf4 16. Nxf4 Rxf4 17. Bc1 Rf7 18. c4 dxc3 19. Qc2 Nd4 20. Nxd4 Qxd4 21. Be3 Qb4
22. a3 Qd6 23. Qxc3 Qc6 24. Qxc6 bxc6 25. Rec1 c5 26. Bxc5 Bxc5 27. Rxc5 Rd8
28. Rxe5 Rd6 29. Rd1 g5 30. d4 Kg7 31. d5 Re7 32. Rc1 Kf6 33. Rxe6+ Rdxe6 34.
dxe6 Rxe6 35. f3 Ke5 36. Rxc7 Kf4 37. Kf2 Rd6 38. Rc5 Rd2+ 39. Ke1 Rxg2 40. Rc6
Ke3 41. Rc3+ Kd4 1/2-1/2

[Event "Nordic Youth CC 2020 - U11"]
[Site "Fredericia"]
[Date "2020.02.15"]
[Round "5.25"]
[White "Medhus, Vitus Bondo"]
[Black "Jaakkola, Niklas"]
[Result "1-0"]
[WhiteElo "1779"]
[BlackElo "1678"]
[PlyCount "63"]
[EventDate "2020.02.??"]
[EventType "swiss"]
[EventRounds "6"]
[EventCountry "DEN"]

1. e4 c5 2. Nf3 Nc6 3. d4 cxd4 4. Nxd4 e5 5. Nb5 d6 6. c4 Be7 7. N5c3 Nf6 8.
Bd3 Be6 9. O-O O-O 10. Nd5 Rc8 11. b3 Qd7 12. Ba3 Rfd8 13. Nbc3 Nd4 14. Nxe7+
Qxe7 15. Nd5 Nxd5 16. exd5 Bd7 17. Re1 Qg5 18. h4 Qf6 19. Re3 Bg4 20. Qxg4 b5
21. Qe4 Qh6 22. Rh3 bxc4 23. Bxc4 f5 24. Qd3 Qf6 25. Bb2 f4 26. Bxd4 exd4 27.
Rd1 Re8 28. Qxd4 Re1+ 29. Kh2 Rxd1 30. Qxd1 Qe5 31. Qe2 Re8 32. Qxe5 1-0

[Event "Nordic Youth CC 2020 - U11"]
[Site "Fredericia"]
[Date "2020.02.15"]
[Round "5.26"]
[White "Khoo Thwe, Louis"]
[Black "Brattgjerd, Isak Vinh"]
[Result "1/2-1/2"]
[WhiteElo "1753"]
[BlackElo "1780"]
[PlyCount "98"]
[EventDate "2020.02.??"]
[EventType "swiss"]
[EventRounds "6"]
[EventCountry "DEN"]

1. e4 c5 2. Nf3 d6 3. d4 cxd4 4. Nxd4 Nf6 5. Nc3 g6 6. Bc4 Bg7 7. Bb3 Nc6 8.
Nxc6 bxc6 9. O-O O-O 10. Bf4 Qa5 11. Qd2 Re8 12. Rfe1 Nd7 13. Bh6 Bh8 14. a3
Rb8 15. Qf4 Ne5 16. Rad1 Ba6 17. Rd4 Rxb3 18. Ra4 Qb6 19. cxb3 Nd3 20. Qe3 Bb5
21. Nxb5 cxb5 22. Qxd3 bxa4 23. bxa4 Qa5 24. Bd2 Qxa4 25. b4 Rc8 26. Rc1 Rxc1+
27. Bxc1 a6 28. g3 Qc6 29. Bg5 f6 30. Be3 Kf7 31. Kf1 e6 32. g4 Bg7 33. Ke2 Ke7
34. Kd2 e5 35. h4 Ke6 36. f4 exf4 37. Bxf4 d5 38. Qb3 f5 39. exf5+ gxf5 40.
Qe3+ Kf7 41. gxf5 d4 42. Qb3+ Kf6 43. Bg5+ Kxf5 44. Qf7+ Bf6 45. Qxf6+ Qxf6 46.
Bxf6 Kxf6 47. Kd3 Ke5 48. a4 Kd5 49. a5 h5 1/2-1/2

[Event "Nordic Youth CC 2020 - U11"]
[Site "Fredericia"]
[Date "2020.02.15"]
[Round "5.27"]
[White "Tran, Sixten"]
[Black "Valpas, Jami"]
[Result "1/2-1/2"]
[WhiteElo "1377"]
[BlackElo "1306"]
[PlyCount "48"]
[EventDate "2020.02.??"]
[EventType "swiss"]
[EventRounds "6"]
[EventCountry "DEN"]

1. e4 c5 2. c3 g6 3. d4 cxd4 4. cxd4 d5 5. exd5 Nf6 6. Bb5+ Bd7 7. Bc4 Bg7 8.
Qb3 Qb6 9. Qxb6 axb6 10. Nf3 O-O 11. O-O Na6 12. Bd2 Nc7 13. Nc3 b5 14. Bb3 b4
15. Ne2 Nfxd5 16. Nf4 Nxf4 17. Bxf4 Ne6 18. Be5 Rad8 19. Rad1 Bxe5 20. Nxe5 Nf4
21. Rfe1 Be6 22. Bxe6 Nxe6 23. Nf3 Rd7 24. Rd2 Rfd8 1/2-1/2